| 000 | 00806nam a22001937a 4500 | ||
|---|---|---|---|
| 008 | 230622s2022 xxk|||||o|||| 00| 0 eng d | ||
| 041 | _aeng | ||
| 110 | _aRoyal Institution of Chartered Surveyors | ||
| 245 |
_aSelling your home _bA clear impartial guide _h[Electronic resource] |
||
| 260 |
_aLondon, _bRoyal Institution of Chartered Surveyors, _cJanuary 2022 |
||
| 300 | _a14p. | ||
| 490 | _aRICS Consumer Guide | ||
| 520 | _aDownload this guide for clear, impartial advice on all stages of selling your home. | ||
| 651 | _aUnited Kingdom | ||
| 690 |
_96266 _aResidential property |
||
| 710 | _aRoyal Institution of Chartered Surveyors | ||
| 856 |
_uhttps://www.ricsfirms.com/media/1195/selling-your-home_rics-consumer-guide-2022.pdf _zAvailable on rics.org/consumerguides |
||
| 942 | _n0 | ||
| 999 |
_c121549 _d121549 |
||